<?xml version="1.0" encoding="UTF-8"?>
<record
    xmlns:xsi="http://www.w3.org/2001/XMLSchema-instance"
    xsi:schemaLocation="http://www.loc.gov/MARC21/slim http://www.loc.gov/standards/marcxml/schema/MARC21slim.xsd"
    xmlns="http://www.loc.gov/MARC21/slim">

  <leader>02258nam a2200325   4500</leader>
  <controlfield tag="001">73</controlfield>
  <controlfield tag="003">OSt</controlfield>
  <controlfield tag="005">20250528074011.0</controlfield>
  <controlfield tag="008">250123b        |||||||g |||| 00| 1 eng d</controlfield>
  <datafield tag="020" ind1=" " ind2=" ">
    <subfield code="a">8575421611</subfield>
  </datafield>
  <datafield tag="040" ind1=" " ind2=" ">
    <subfield code="b">por</subfield>
  </datafield>
  <datafield tag="041" ind1=" " ind2=" ">
    <subfield code="h">eng</subfield>
    <subfield code="a">por</subfield>
  </datafield>
  <datafield tag="082" ind1=" " ind2=" ">
    <subfield code="a">813</subfield>
    <subfield code="b">B877f</subfield>
  </datafield>
  <datafield tag="100" ind1="1" ind2=" ">
    <subfield code="a">Brown, Dan,</subfield>
    <subfield code="d">1964-</subfield>
    <subfield code="9">179</subfield>
  </datafield>
  <datafield tag="240" ind1=" " ind2=" ">
    <subfield code="a">Digital Fortress</subfield>
  </datafield>
  <datafield tag="245" ind1=" " ind2=" ">
    <subfield code="a">Fortaleza Digital /</subfield>
    <subfield code="c">Brown, Dan ; Tradu&#xE7;&#xE3;o de Carlos Irineu da Costa</subfield>
  </datafield>
  <datafield tag="260" ind1=" " ind2=" ">
    <subfield code="a">Rio de Janeiro</subfield>
    <subfield code="b">Sextante</subfield>
    <subfield code="c">2005</subfield>
  </datafield>
  <datafield tag="300" ind1=" " ind2=" ">
    <subfield code="a">331 p.</subfield>
  </datafield>
  <datafield tag="520" ind1=" " ind2=" ">
    <subfield code="a">Antes de estourar no mundo inteiro com O c&#xF3;digo Da Vinci, Dan Brown j&#xE1; demonstrava um talento singular como contador de hist&#xF3;rias no seu primeiro livro, Fortaleza digital, lan&#xE7;ado em 1998 nos Estados Unidos.
Muitos dos ingredientes que, anos depois, fariam com que o autor fosse reconhecido como um novo mestre dos livros de a&#xE7;&#xE3;o e suspense j&#xE1; estavam presentes no seu romance de estr&#xE9;ia: a narrativa r&#xE1;pida, a trama repleta de reviravoltas que prendem o leitor da primeira &#xE0; &#xFA;ltima p&#xE1;gina e o fasc&#xED;nio exercido por c&#xF3;digos secretos, criptografia e enigmas misteriosos.

Em Fortaleza digital, Brown mergulha no intrigante universo dos servi&#xE7;os de informa&#xE7;&#xE3;o e ambienta sua hist&#xF3;ria na ultra-secreta e multibilion&#xE1;ria NSA, a Ag&#xEA;ncia de Seguran&#xE7;a Nacional americana, mais poderosa do que a CIA ou qualquer outra organiza&#xE7;&#xE3;o de intelig&#xEA;ncia do mundo.
Quando o supercomputador da NSA, at&#xE9; ent&#xE3;o considerado uma arma invenc&#xED;vel para decodificar mensagens terroristas transmitidas pela Internet, se depara com um novo c&#xF3;digo que n&#xE3;o pode ser quebrado, a ag&#xEA;ncia recorre &#xE0; sua mais brilhante cript&#xF3;grafa, a bela matem&#xE1;tica Susan Fletcher.
Presa numa teia de segredos e mentiras, sem saber em quem confiar, Susan precisa encontrar a chave do engenhoso c&#xF3;digo para evitar o maior desastre da hist&#xF3;ria da intelig&#xEA;ncia americana e para salvar a sua vida e a do homem que ama.</subfield>
  </datafield>
  <datafield tag="650" ind1=" " ind2="0">
    <subfield code="a">Literatura Americana</subfield>
    <subfield code="9">84</subfield>
  </datafield>
  <datafield tag="650" ind1=" " ind2="0">
    <subfield code="a">Suspense</subfield>
    <subfield code="9">10</subfield>
  </datafield>
  <datafield tag="650" ind1=" " ind2="0">
    <subfield code="a">Mist&#xE9;rio</subfield>
    <subfield code="9">42</subfield>
  </datafield>
  <datafield tag="650" ind1=" " ind2="0">
    <subfield code="a">Aventura</subfield>
    <subfield code="9">47</subfield>
  </datafield>
  <datafield tag="650" ind1=" " ind2="0">
    <subfield code="a">Crime e Investiga&#xE7;&#xE3;o </subfield>
    <subfield code="9">13</subfield>
  </datafield>
  <datafield tag="650" ind1=" " ind2="0">
    <subfield code="a">Romance Policial </subfield>
    <subfield code="9">11</subfield>
  </datafield>
  <datafield tag="655" ind1=" " ind2="0">
    <subfield code="a">Romance</subfield>
    <subfield code="9">23</subfield>
  </datafield>
  <datafield tag="655" ind1=" " ind2="0">
    <subfield code="a">Fic&#xE7;&#xE3;o </subfield>
    <subfield code="9">22</subfield>
  </datafield>
  <datafield tag="700" ind1=" " ind2=" ">
    <subfield code="a">Carlos Irineu da Costa</subfield>
    <subfield code="e">Tradutor</subfield>
    <subfield code="9">182</subfield>
  </datafield>
  <datafield tag="942" ind1=" " ind2=" ">
    <subfield code="2">ddc</subfield>
    <subfield code="n">0</subfield>
    <subfield code="c">BK</subfield>
  </datafield>
  <datafield tag="952" ind1=" " ind2=" ">
    <subfield code="0">0</subfield>
    <subfield code="1">0</subfield>
    <subfield code="2">ddc</subfield>
    <subfield code="4">0</subfield>
    <subfield code="7">0</subfield>
    <subfield code="8">FIC</subfield>
    <subfield code="a">BIBIB</subfield>
    <subfield code="b">BIBIB</subfield>
    <subfield code="c">LE</subfield>
    <subfield code="d">2016-05-03</subfield>
    <subfield code="e">doa&#xE7;&#xE3;o</subfield>
    <subfield code="l">0</subfield>
    <subfield code="o">813 / B877f</subfield>
    <subfield code="p">2025-15282</subfield>
    <subfield code="r">2025-01-23 08:06:13</subfield>
    <subfield code="w">2025-01-23</subfield>
    <subfield code="y">BK</subfield>
  </datafield>
  <datafield tag="999" ind1=" " ind2=" ">
    <subfield code="c">73</subfield>
    <subfield code="d">73</subfield>
  </datafield>
</record>
